| 000 | 00820nam a2200313Ia 4500 | ||
|---|---|---|---|
| 008 | 170711s9999 xx 000 0 und d | ||
| 020 | _a9780393064810 | ||
| 050 | _a355 | ||
| 050 | _bSh553 1994 | ||
| 100 | _aSherman, Nancy | ||
| 245 | 4 | _aThe untold war : | |
| 245 | _binside the hearts, minds, and souls of our soldiers / | ||
| 245 | _cby Nancy Sherman. | ||
| 250 | _aFirst edition. | ||
| 260 | _aUSA : | ||
| 260 | _bNorton, | ||
| 260 | _c2010 | ||
| 300 | _aviii, 338 pages : | ||
| 300 | _billustrations ; | ||
| 300 | _c24cm. | ||
| 500 | _aIncludes bibliographic reference and index. | ||
| 650 | _aPsychology, Military. | ||
| 650 | _aSoldiers -- | ||
| 650 | _aStress (Psychology). | ||
| 650 | _aWar -- | ||
| 650 | _xMental health. | ||
| 650 | _xPsychological aspects. | ||
| 700 | _aTitle. | ||
| 999 |
_c339791 _d339791 |
||